00385nam a2200145Ia 4500003000400000008004100004040001600045082002700061100002700088245004400115260002800159490000500187650001900192650002800211GCL140319s9999 xx 000 0 ara d aGCL / cGCL04aكاسيتb404bج م1 aجاد فتحى جاد10aمواويل / cجاد فتحى جاد a[S.N] : bلا يوجد a04aالاغانى04aشرائط كاسيت